00855nam a2200181 a 450000100080000000500110000800800410001910000190006024501490007926000300022830000090025849000460026752002870031365000130060070000180061370000250063170000170065611214752012-11-05 1988 bl uuuu u0uu1 u #d1 aGONZAGA, S. S. aManejo de pastagens de Agrotis tenuis consorciado com Lotus corniculatus e Trifolium repens visando controlar a reinvasão com Eragrostis plana. aBagé: EMBRAPA-CNPOc1988 a2 p. a(EMBRAPA-CNPO. Pesquisa em andamento, 9). aO capim Annoni 2 (Eragrostis planta Nees) é uma gramínea perene de verão, originária da África e seu aparecimento no Rio Grande do Sul se deu na década de 50. Esta gramínea foi por muito tempo difundida em todo o estado como uma alternativa para aumentar a produção animal. aPastagem1 aCOELHO, R. W.1 aGONÇALVES, J. O. N.1 aBORBA, E. R.